Season 3 of "The 100" Quiz - Statistics

General Stats
  • This quiz has been taken 313 times
  • The average score is 12 of 15
Answer Stats
Question Answer % Correct
What nickname does Clarke get after becoming the commander of death? Wanheda
99%
The Queen Nia of which clan was killed by Lexa? Ice Nation
95%
Who is the only Mountain Man that survived the radiation and was brought to Clarke? Emmerson
92%
In whose home was the chip taken out of Raven saving her from Allie's influence? Niylah
91%
Which of these was NOT an act of Pike after becoming chancellor? accepting the coalition
89%
What phrase activates the commander's flame? "Ascende superius"
86%
How did Clarke manage to enter the City of Light? blood transfusion from Ontari
82%
Which character had to kill their mother...twice? Monty
82%
What was the name of the thirteenth station of the Ark that Becca was on? Polaris
82%
Who does NOT help Clarke find the kill switch in the City of Light? Jasper
76%
How did Emerson finally die? killed by the flame
75%
What did Alie make Abby do in front of Clarke to find out the phrase for the flame? hang herself
68%
What were Lincoln's last words? "May we meet again"
60%
How much time has passed between season 2 finale and the beginning of season 3? 3 months
55%
Who shoots King Roan in Polis? Kane
35%
No matching quizzes found
Score Distribution
Percent of People with Each Score
Percentile by Number Answered
Your Score History
You have not taken this quiz